00649nam a2200193Ia 4500008004100000020001300041082001400054100002300068245005300091250000800144260003500152300002600187500001900213600002100232650005000253942000700303952013000310999001500440240925s9999 xx 000 0 und d a71127798 a005.1 PRE aPressman, Roger S. 0aSoftware Engineering: a practitioner's approach  a3rd aNew York:bMcGraw-Hillc,1992. axv,742p.bNAfPirated aIncludes Index aComputer Science aComputer science, information & general works cBK 001040708SEaUITUbUITUd1997-01-13eVariety Book Stall g135.00l0o005.1 PREpQ0876r2024-09-25 07:12:14w2024-09-25yBK c3375d3375